[Event "Sabadell Open 2018"]
[Site "Sabadell"]
[Date "2018.09.01"]
[Round "1"]
[White "Aroshidze, Levan"]
[Black "Nieto Farreny, Francesc"]
[Result "1-0"]
[WhiteElo "2513"]
[BlackElo "2191"]
[Annotator "TA"]
[PlyCount "89"]
[EventDate "2018.09.01"]
[EventType "swiss"]
[EventCountry "ESP"]
[SourceTitle "playchess.com"]
[Source "ChessBase"]
[SourceQuality "1"]

{[%evp 30,89,30,25,39,22,16,19,64,41,166,166,158,150,166,166,166,160,154,155,149,156,177,101,139,142,143,114,80,63,63,62,76,87,143,-14,184,165,267,254,252,251,443,427,378,285,583,240,921,900,1180,799,29994,29995,29995,29996,29996,29997,29997,29998,29998,29999]} 1. e4 c5 2. Nf3 g6 3. d4 cxd4 4. Nxd4 Nc6 5. c4 Nf6 6. Nc3 Nxd4 7. Qxd4 d6 8. Be3 Bg7 9. f3 O-O 10. Qd2 Be6 11. Rc1 Qa5 12. b3 {B36: Sicilian: Maroczy Bind: Gurgenidze System} (12. Nd5 Qxa2 13. Nxe7+ Kh8 14. Bd4 Rae8 15. Qc3 Nh5 16. Bxg7+ Nxg7 17. b4 Qa4 18. b5 a5 19. Nd5 Bxd5 20. cxd5 f5 21. Ra1 Qb4 22. Qxb4 axb4 {1-0 (51) Carlsen,M (2832)-Guseinov,G (2645) chess.com INT 2017}) 12... Rfc8 13. Bd3 a6 14. Ne2 Qxd2+ 15. Kxd2 Nd7 16. Nf4 {LiveBook: 3 Games} a5 17. Rc2 Nc5 18. Be2 Ra6 $146 ({Predecessor:} 18... Na6 19. a3 Nc5 {½-½ (66) Kovalyov,A (2571)-Bouaziz,M (2203) Dresden 2008}) 19. Rb1 Rb6 (19... Rac6 $14) 20. Nd5 $1 $18 {[%cal Rd5b6]} Bxd5 21. cxd5 f5 22. exf5 $1 gxf5 23. a3 f4 24. Bf2 Ra8 25. Bc4 (25. Bxc5 $6 dxc5 26. Rxc5 Rh6 $14) 25... Kf7 26. Kc1 (26. g4 $18) 26... Be5 27. g4 {[%cal Bg2g4,Bg4g5][%mdl 32]} h5 28. g5 h4 29. Bxh4 a4 $1 {[%cal Ra4b3]} 30. b4 Nb3+ $1 {[#]} 31. Kd1 $1 Nd4 ({Better is} 31... Rh8 32. g6+ Kxg6 33. Rg2+ (33. Bxe7 Nd4 $11) 33... Kf7) 32. Rg2 $2 ({Don't play} 32. Bf2 $6 Nxc2 33. Kxc2 Rc8 $14) (32. Rbc1 $16) 32... Nxf3 $2 {[#]} (32... Nb5 $1 $11 {and Black stays safe.}) 33. Bf2 $1 $36 {[%cal Rf2b6][%mdl 2048] White has strong initiative.} Bd4 (33... Rc8 $142) 34. Bxd4 Nxd4 35. Rg4 Kg6 $2 (35... Nb5) 36. Rxf4 Nb5 {White should prevent ...Nc3+.} 37. Rf3 Rc8 $2 (37... Kg7 38. Re3 Rh8) 38. Rc1 (38. Bd3+ $142 Kg7 39. Ra1) 38... Kxg5 $2 (38... Kg7 39. h3 Rc7) 39. Kd2 {Rg1+ would kill now.} Kg4 40. Re3 {Be2+ is the strong threat.} Rh8 41. Rg1+ {White mates.} Kf4 42. Rf1+ Kg5 43. Rg3+ Kh4 44. Rf4+ Kh5 45. Be2+ {Precision: White = 67%, Black = 28%.} 1-0

[Event "Sabadell Open 2018"]
[Site "Sabadell"]
[Date "2018.09.01"]
[Round "1"]
[White "Munoz, Miguel"]
[Black "Garcia Gil, Javier"]
[Result "1-0"]
[WhiteElo "2471"]
[BlackElo "2141"]
[Annotator "TA"]
[PlyCount "104"]
[EventDate "2018.09.01"]
[EventType "swiss"]
[EventCountry "ESP"]
[SourceTitle "playchess.com"]
[Source "ChessBase"]
[SourceQuality "1"]

{[%evp 9,104,11,28,4,12,0,3,-3,4,-4,20,-6,25,45,43,17,14,-10,21,14,32,8,25,0,22,0,15,22,36,35,47,40,62,58,87,14,14,0,22,0,31,24,30,17,17,16,13,17,21,1,9,8,61,40,38,12,39,43,44,0,0,0,0,0,0,0,0,0,0,0,0,0,14,0,0,0,0,0,0,0,81,89,79,52,57,59,251,227,393,401,369,379,519,507,12833,12833,29998]} 1. e4 c6 2. Nc3 d5 3. Nf3 Bg4 4. Be2 e6 5. O-O Nd7 {LiveBook: 3 Games} (5... Nf6 6. e5 Nfd7 7. d4 c5 8. Bg5 Qc8 9. Nb5 Nc6 10. c3 a6 11. Nd6+ Bxd6 12. exd6 O-O 13. Ne5 Bxe2 14. Qxe2 cxd4 15. Nxc6 Qxc6 {½-½ (60) Munoz Pantoja,M (2473)-Agrest,E (2593) Tallinn 2016}) 6. d3 {B11: Caro-Kann: Two Knights Variation} Bb4 7. Ne1 $146 ({Predecessor:} 7. h3 Bh5 8. a3 Bxc3 9. bxc3 dxe4 10. Ng5 Bxe2 11. Qxe2 exd3 12. cxd3 Ngf6 {0-1 (30) Kemp,K-Ezat,M (2360) Dos Hermanas 2004}) 7... Bxe2 8. Qxe2 {The position is equal.} Ne7 9. f4 dxe4 10. dxe4 Bc5+ 11. Kh1 Qc7 12. Nd3 Bd4 13. Be3 Bxe3 14. Qxe3 Qb6 15. Qg3 O-O 16. Rae1 Rae8 17. Rf3 Qc7 18. Qh3 e5 19. f5 f6 20. Qh5 Rf7 21. Nf2 Nf8 22. Ng4 ({White should try} 22. Rg1 $16) 22... Nc8 $1 $11 23. Rd1 b5 24. a4 a6 (24... b4 $5 {[%cal Rb4c3]} 25. Rg3 Kh8 $14) 25. b3 Ree7 26. Rg3 Kh8 27. Rgd3 Rd7 28. Nf2 Kg8 29. g4 Qa7 30. Kg2 Rd4 (30... h6 $11) 31. g5 fxg5 32. Ng4 Rxd3 33. Rxd3 Qe7 34. Nd1 (34. f6 $5 Rxf6 35. Nxf6+ gxf6 36. Qd1 $11) 34... Nd6 35. Ndf2 $1 Nd7 36. axb5 axb5 37. b4 Nc4 38. c3 Rf8 39. Rh3 Nf6 40. Qxg5 Kh8 41. Nd3 Ra8 42. Qg6 Rd8 {Threatens to win with ...Rxd3!} 43. Qg5 Rd7 44. Qh4 Kg8 (44... Ra7 $11) 45. Nxf6+ $16 gxf6 46. Rg3+ Kh8 47. Nc5 Rd2+ $2 {[#]} (47... Rd8 $1 $14) 48. Kh3 $1 $18 Rd8 $2 {[#]} (48... Nb2 49. Rg6 Nd3) 49. Rg6 $1 Rf8 50. Ne6 Rf7 51. Rg3 Qe8 (51... Nb6 $142 52. Rd3 Nd7) 52. Rd3 Qd8 {Precision: White = 57%, Black = 35%.} 1-0

[Event "Sabadell Open 2018"]
[Site "Sabadell"]
[Date "2018.09.01"]
[Round "1"]
[White "Ayats Llobera, Gerard"]
[Black "Fernandez Aguilar, Francisco"]
[Result "1-0"]
[WhiteElo "2418"]
[BlackElo "2101"]
[Annotator "TA"]
[PlyCount "75"]
[EventDate "2018.09.01"]
[EventType "swiss"]
[EventCountry "ESP"]
[SourceTitle "playchess.com"]
[Source "ChessBase"]
[SourceQuality "1"]

{[%evp 26,74,1,8,26,25,30,25,37,31,36,31,132,29,611,189,187,191,184,209,197,104,103,89,93,89,93,93,93,93,93,91,79,0,16,0,0,0,-33,-3765,0,0,360,351,351,218,725,608,29998,29999,29999]} 1. e4 e5 2. Nf3 Nc6 3. d4 exd4 4. Bc4 Nf6 5. e5 d5 6. Bb5 Ne4 7. Nxd4 Bc5 8. Be3 O-O 9. Nxc6 bxc6 10. Bxc5 Nxc5 11. Bxc6 Rb8 {C56: Zweispringerspiel} 12. Qxd5 (12. O-O Rxb2 13. Qxd5 Qxd5 14. Bxd5 Rxc2 15. Na3 Re2 16. Rac1 Nd3 17. Rxc7 Be6 18. Bb3 a5 19. Ra7 Bxb3 20. axb3 Rxe5 {1-0 (31) Nakamura,H (2798)-Onischuk,A (2665) Saint Louis 2015}) 12... Qe7 13. O-O Rxb2 14. Nc3 {LiveBook: 6 Partien} Rxc2 15. Qd4 $1 Be6 16. Rfd1 Rb8 $146 ({Vorgänger:} 16... h6 17. Nd5 Bxd5 18. Bxd5 c6 19. Bxc6 {1-0 (44) Pap,M (2491)-Nagy,G (2469) Boeblingen 2017}) 17. Rab1 Rxb1 18. Rxb1 {jetzt Tb8+ und aus.} g6 {[#]} (18... Qf8 $14) 19. h4 (19. Bf3 $1 $16) 19... Nd7 $2 {[%mdl 8192]} (19... Kg7 $11) 20. Ba4 $2 (20. Bxd7 c5 21. Qd3 Rxc3 22. Qxc3 Qxd7 23. Rb8+ Kg7 24. Qxc5) 20... c5 $18 21. Qe3 Rxc3 22. Qxc3 {Droht Tb7 und aus.} Nb6 23. Bb3 (23. Bb5 $18) 23... c4 $16 24. Bc2 Qxh4 25. Qa3 Qg5 26. Be4 ({Schlechter ist} 26. Qxa7 Bd5 $17) 26... Qxe5 27. Qxa7 Qxe4 28. Qxb6 {[%mdl 4096] Endspiel KDT-KDL} c3 29. Qd8+ (29. Rc1 $16) 29... Kg7 $11 30. Rb8 {zielt auf Dh8+ ab.} Qe1+ (30... c2 $5 31. Qf8+ $8 Kf6 32. Qd8+ Kg7 33. Qf8+ Kf6 34. Qd8+ Kg7 $11) 31. Kh2 {Schwarz muss nun Dh8+ beachten.} Qe5+ 32. g3 $2 {[%mdl 8192] [#]} (32. Kg1 $15 Qc5 33. Qb6) 32... Qh5+ $2 (32... Qc5 $1 $19 33. Qh8+ Kh6) 33. Kg1 {Droht stark Df8+.} Bd5 $2 {[%mdl 8192]} (33... Qc5 $11 34. Qh8+ Kh6) 34. Qf8+ $18 Kf6 {[%csl Gd5][%cal Rh5h1]} 35. Rb6+ Kf5 $2 (35... Kg5 36. Qe7+ Kh6 37. Qe3+ Kg7 38. Qxc3+ Kh6 39. Qd2+ Kg7 40. Qd4+ Kh6) 36. Qc8+ Kg5 {[%csl Gd5][%cal Rh5h1]} 37. f4+ Kh6 38. Qf8# {Precision: Weiß = 36%, Schwarz = 30%.} 1-0

[Event "Sabadell Open 2018"]
[Site "Sabadell"]
[Date "2018.09.01"]
[Round "1"]
[White "Fernandez Diaz, Cristian"]
[Black "Cruz, Cristhian"]
[Result "0-1"]
[WhiteElo "2221"]
[BlackElo "2571"]
[Annotator "TA"]
[PlyCount "76"]
[EventDate "2018.09.01"]
[EventType "swiss"]
[EventCountry "ESP"]
[SourceTitle "playchess.com"]
[Source "ChessBase"]
[SourceQuality "1"]

{[%evp 14,76,8,0,27,7,0,-1,4,0,2,15,13,0,41,47,29,0,0,0,0,0,0,0,7,-19,-7,-15,-9,-47,-45,-50,-43,-73,-68,-64,-45,-52,-31,-45,-18,-74,-72,-76,-73,-76,-72,-73,-72,-88,-99,-82,-85,-89,-104,-146,-145,-151,-133,-131,-127,-375,-361,-1118,-941]} 1. d4 Nf6 2. c4 e6 3. Nc3 Bb4 4. Qc2 O-O 5. Nf3 d6 6. Bg5 Nbd7 7. e3 h6 8. Bh4 {LiveBook: 33 Games} Re8 {E32: Nimzo-Indian: Classical (4 Qc2): 4...0-0} (8... b6 9. g4 Bb7 10. Bg2 Qc8 11. g5 hxg5 12. Bxg5 Be4 13. Qe2 Bxc3+ 14. bxc3 Qa6 15. Rg1 Qa3 16. Qd2 {0-1 (23) Smirnov,P (2597)-Khismatullin,D (2660) Magnitogorsk 2011}) 9. a3 Bxc3+ $1 10. Qxc3 b6 {The position is equal.} 11. Be2 Bb7 12. O-O Nf8 13. Nd2 $146 ({Predecessor:} 13. h3 Ng6 14. Bg3 Ne4 15. Qc2 Nxg3 16. fxg3 Rc8 17. Bd3 Nf8 18. Rf2 Nd7 19. Raf1 {1-0 (53) Miszori,Y (1219)-Toval,D (1149) Magdeburg 2014}) 13... e5 14. dxe5 dxe5 15. Bf3 Bxf3 16. Nxf3 g5 17. Bg3 Ng6 18. Rfd1 ({Don't play} 18. Nxe5 Ne4 $17) 18... Qe7 19. Nd2 Rad8 20. Qc2 Rd7 21. Ne4 Nxe4 22. Qxe4 Red8 23. Rd5 Rxd5 24. cxd5 Qd6 25. Rd1 c6 {[%cal Rc6d5]} 26. Qa4 h5 {[%cal Bh6h5,Bh5h4][%mdl 32] Threatens to win with ...h4.} 27. h3 (27. f3 $1 $11 {remains equal.}) 27... cxd5 $17 28. Qxa7 h4 29. Bh2 Qc6 30. Qa6 d4 31. exd4 Rxd4 32. Qe2 Qd5 $40 {[%mdl 128] Black attacks with force.} 33. Rxd4 exd4 {[%cal Be5d4,Bd4d3][%mdl 32]} 34. Qd2 {[#]} d3 $1 35. f3 f6 36. Kf1 b5 37. Bg1 $2 {[#]} (37. Ke1 $17 {was the only chance.}) 37... Ne5 $1 $19 {[%cal Re5c4] Strongly threatening ...Nc4.} 38. Ke1 $2 (38. Qd1 d2 39. Be3 Qd3+ 40. Kf2) 38... Nc4 {Precision: White = 38%, Black = 65%.} 0-1

[Event "Sabadell Open 2018"]
[Site "Sabadell"]
[Date "2018.09.01"]
[Round "1"]
[White "Campos Cayuelas, Adria"]
[Black "Stella, Andrea"]
[Result "0-1"]
[WhiteElo "2187"]
[BlackElo "2508"]
[Annotator "TA"]
[PlyCount "52"]
[EventDate "2018.09.01"]
[EventType "swiss"]
[EventCountry "ESP"]
[SourceTitle "playchess.com"]
[Source "ChessBase"]
[SourceQuality "1"]

{[%evp 13,52,-2,-12,-6,-19,-1,13,-118,-71,-110,-110,-125,-120,-133,-131,-152,-152,-254,-246,-246,-258,-285,-287,-273,-275,-283,-240,-244,-242,-250,-147,-168,-168,-168,-168,-168,-166,-288,-255,-266,-248]} 1. e4 e6 2. d4 d5 3. Nc3 Nf6 4. Bg5 Be7 5. e5 Nfd7 6. h4 h6 7. Qh5 {C14: French: Classical System: 4 Bg5 Be7 main line} (7. Be3 c5 8. Qg4 g6 9. dxc5 Nc6 10. O-O-O Ndxe5 11. Qg3 h5 12. Be2 b6 13. Bb5 Bd7 14. Nxd5 exd5 15. Rxd5 bxc5 {1-0 (27) Tomczak,J (2600)-Gleizerov,E (2513) Suwalki 2018}) 7... a6 {LiveBook: 7 Games} 8. Nf3 c5 {White should prevent ...Qb6.} 9. O-O-O {The position is equal.} Nc6 {[%cal Bb8c6,Bc6e5,Be5d3][%mdl 32]} 10. Bd3 (10. dxc5 $1 $11 {remains equal.} Qc7 11. Bxe7 Nxe7 12. Rh3) 10... cxd4 (10... Nxd4 11. Bxe7 Qxe7 12. Nxd4 $15) (10... c4 {is more complex.} 11. Bf1 Qa5 12. Bd2 b5 13. Kb1 b4) 11. Nxd5 exd5 12. e6 {[%csl Ge6][%cal Rh5f7] [#]} Nde5 $146 ({Predecessor:} 12... Bxg5+ 13. Nxg5 {1-0 (22) Haldane,R-Stafford,S Guernsey 1989}) 13. Nxe5 Nxe5 ({But not} 13... Bxg5+ 14. hxg5 Nxe5 15. gxh6 $15) 14. exf7+ Kf8 15. Bf4 (15. Rde1 $17 Nxd3+ 16. cxd3 Bxg5+ 17. hxg5 Qc7+ 18. Kb1 Qxf7 19. gxh6 Qxh5 20. Rxh5) 15... Nxd3+ $19 ({Much less strong is} 15... Nxf7 16. Kb1 $17) 16. Rxd3 {Black must now prevent Qg6.} Be6 17. Rf3 Bf6 ({And not} 17... Bxf7 {[#]} 18. Bd6 $1 $14 {[%mdl 512]}) 18. Be5 Bxf7 19. Qf5 Qe7 20. Bxf6 gxf6 21. Rd1 Qe6 (21... Rg8 $19 22. g3 Bg6 23. Qxf6+ Qxf6 24. Rxf6+ Kg7) 22. Rxd4 Qxf5 23. Rxf5 Ke7 24. Rb4 b5 25. a4 (25. Rbf4 $142) 25... Be6 26. Rf3 Rab8 {Precision: White = 48%, Black = 74%.} 0-1

[Event "Sabadell Open 2018"]
[Site "Sabadell"]
[Date "2018.09.01"]
[Round "1"]
[White "Ruperez, Miguel"]
[Black "Aguero Jimenez, Luis Lazaro"]
[Result "0-1"]
[WhiteElo "2157"]
[BlackElo "2483"]
[Annotator "TA"]
[PlyCount "54"]
[EventDate "2018.09.01"]
[EventType "swiss"]
[EventCountry "ESP"]
[SourceTitle "playchess.com"]
[Source "ChessBase"]
[SourceQuality "1"]

{[%evp 18,53,18,18,46,34,44,1,25,23,19,17,19,0,0,0,0,0,0,-9,34,0,0,-5,-7,-22,-32,-22,-16,-14,-15,-15,-13,-23,-25,-247,-258,-29999]} 1. d4 Nf6 2. c4 g6 3. Nc3 d5 4. cxd5 Nxd5 5. e4 Nxc3 6. bxc3 Bg7 7. Bb5+ c6 8. Ba4 O-O 9. Ne2 c5 10. O-O {LiveBook: 136 Games} Bg4 {D85: Exchange Grünfeld: Unusual White 7th moves and lines with 7 Nf3} (10... b6 11. Be3 Bb7 12. f3 Qc7 13. Rc1 Nc6 14. d5 Na5 15. c4 Ba6 16. Bb3 e6 17. Bf4 Qd7 18. Ba4 {½-½ (55) Fedoseev,V (2665)-Savchenko,B (2613) Sochi 2016}) 11. f3 Bd7 12. Bxd7 $146 ({Predecessor:} 12. Rb1 cxd4 13. cxd4 Bxa4 14. Qxa4 Nc6 15. d5 Na5 16. Bg5 b6 17. Rfc1 h6 18. Bh4 g5 19. Bg3 Rc8 20. Qb5 f5 21. Rxc8 Qxc8 {1-0 (38) Sakaev,K (2450)-Schula,M Stockerau 1991}) 12... Nxd7 {The position is equal.} 13. Be3 Qa5 14. Qb3 Qa6 15. Rfe1 cxd4 16. cxd4 Nc5 {[%cal Bd7c5,Bc5a4,Ba4b6][%mdl 32]} 17. Qc2 Na4 18. Rac1 b5 19. Qb3 Rfc8 20. Rxc8+ Rxc8 21. Rc1 (21. Kf2 {feels hotter.} e6 22. Rd1 Bf8 23. d5 Nc5 24. Qb1) 21... Rxc1+ 22. Nxc1 Nb6 23. Nd3 Nc4 24. Bf2 Qb6 25. Nc5 Qa5 {Threatens to win with ...Bxd4!} 26. Qc2 $2 {[#]} (26. h3 $11 {and White has nothing to worry.}) 26... Bxd4 $1 $19 {[%cal Ra5e1][%mdl 512]} 27. Nb3 $2 (27. Nd3 $19 Bxf2+ 28. Qxf2) (27. Bxd4 Qe1#) 27... Qe1# $1 {Precision: White = 21%, Black = 78%.} 0-1

[Event "Sabadell Open 2018"]
[Site "Sabadell"]
[Date "2018.09.01"]
[Round "1"]
[White "Porta Tovar, Oriol"]
[Black "Diaz Camallonga, Carles"]
[Result "1/2-1/2"]
[WhiteElo "2124"]
[BlackElo "2447"]
[Annotator "TA"]
[PlyCount "107"]
[EventDate "2018.09.01"]
[EventType "swiss"]
[EventCountry "ESP"]
[SourceTitle "playchess.com"]
[Source "ChessBase"]
[SourceQuality "1"]

{[%evp 21,107,5,11,-10,-5,-11,-5,-60,-41,-66,-35,-49,-26,-17,-14,-24,-8,-22,-23,-168,-97,-71,0,0,0,0,0,0,0,0,70,65,81,66,66,75,180,172,155,145,145,145,145,145,144,140,140,140,145,145,136,136,150,149,153,154,315,301,366,238,238,231,190,29,29,29,29,8,8,8,8,8,8,8,8,8,8,8,8,8,8,8,8,8,8,0,8,0]} 1. e4 e6 2. d4 d5 3. Nd2 c5 4. Ngf3 cxd4 5. Nxd4 Nc6 6. Bb5 Bd7 7. Nxc6 bxc6 8. Bd3 Qc7 9. O-O Bd6 10. h3 {C07: French Tarrasch: 3...c5, 4 Ngf3 and 4 exd5 Qxd5} Ne7 11. c4 O-O {LiveBook: 6 Games} 12. cxd5 $146 ({Predecessor:} 12. Nf3 h6 13. Qe2 e5 14. c5 Bxc5 15. exd5 Bd6 16. dxc6 Bxc6 17. Re1 Rae8 {½-½ (71) Quparadze,G (2506)-Le,Q (2737) Riadh 2017}) 12... cxd5 13. exd5 Nxd5 14. Ne4 (14. Nc4 $11) 14... Bh2+ $15 15. Kh1 Bf4 (15... Be5 {keeps more tension.} 16. Qe2 Rac8 17. Re1 Nb4 18. Be3 Bc6) 16. Bxf4 Qxf4 17. Rc1 Rac8 18. Nc5 Bc6 19. Rc4 Qh6 20. Qg4 (20. Qc1 $1 $11) 20... f5 (20... Bb5 $19 21. b4 Bxc4 22. Bxc4 Rcd8) 21. Qh4 Bb5 (21... Qxh4 $17 22. Rxh4 g5) 22. Qxh6 $11 gxh6 23. Rcc1 $1 $36 {[%mdl 2048] [#] White has good play.} Rxc5 $1 {[%mdl 512]} 24. Rxc5 Bxd3 25. Rd1 Ba6 (25... Be2 $11 26. Re1 Nf4) 26. Ra5 $1 $14 {[%cal Ra5a6]} Bb7 27. Rxa7 Rf7 28. Kh2 {[%mdl 1024] White has compensation.} f4 (28... Kg7 $16) 29. a4 $18 Kg7 30. a5 Nb4 {Hoping for ...Nc6.} 31. Rd6 {aiming for Rb6.} Nc6 {[#]} 32. Rxb7 $1 {[%mdl 512]} Rxb7 33. Rxc6 Rxb2 34. Rxe6 Rxf2 $16 {[%mdl 4096] Endgame KR-KR} 35. Kg1 Ra2 36. a6 h5 37. Kf1 h6 38. Kg1 h4 $2 (38... Ra4 $16 39. Kf2 h4) 39. Kf1 $18 h5 40. Kg1 Kf7 41. Rh6 Kg7 42. Rxh5 $2 (42. Rb6 $18) 42... Rxa6 $11 43. Rxh4 Ra4 $1 44. g4 Kg6 {The position is equal.} 45. Kf2 {With the idea Kf3.} Ra3 46. Kg2 Rg3+ 47. Kh2 Ra3 48. Rh5 Ra2+ 49. Kg1 Rb2 50. Rf5 Rb3 51. Kg2 Rb2+ 52. Kf3 {Threatens to win with h4.} Rb3+ 53. Kg2 Rb2+ 54. Kf3 {Precision: White = 53%, Black = 55%.} 1/2-1/2

[Event "Sabadell Open 2018"]
[Site "Sabadell"]
[Date "2018.09.01"]
[Round "1"]
[White "Juan Bartroli, Marc"]
[Black "Juanico Rull, Guillem"]
[Result "1-0"]
[WhiteElo "2067"]
[BlackElo "1710"]
[Annotator "NA RC"]
[PlyCount "39"]
[EventDate "2018.09.01"]
[EventType "swiss"]
[EventCountry "ESP"]
[SourceTitle "playchess.com"]
[Source "ChessBase"]
[SourceQuality "1"]
[TimeControl "5400+30"]

1. d4 {[%emt 0:00:21]} Nf6 {[%emt 0:00:00]} 2. c4 {[%emt 0:00:27]} e6 {[%emt 0:00:00]} 3. Nc3 {[%emt 0:00:26]} b6 {[%emt 0:00:04]} 4. e4 {[%emt 0:01:24]} Bb4 {[%emt 0:04:05]} 5. Qc2 {[%emt 0:00:29]} Bb7 {[%emt 0:01:26]} 6. Bd3 {[%emt 0:00:42]} d5 {[%emt 0:04:09]} 7. cxd5 {[%emt 0:06:03]} exd5 {[%emt 0:02:18]} 8. e5 {[%emt 0:07:03]} Ne4 {[%emt 0:09:14]} 9. Nf3 {[%emt 0:06:16]} h6 {[%emt 0:01:41]} 10. O-O Bxc3 {[%emt 0:01:25]} 11. bxc3 {[%emt 0:02:18]} O-O {[%emt 0:06:14]} 12. Nd2 {[%emt 0:06:28] E32: Nimzo-Indian: Classical (4 Qc2): 4...0-0} Nxd2 {[%emt 0:11:49]} 13. Qxd2 {[%emt 0:01:32]} ({Keinesfalls} 13. Bxd2 c5 $16) 13... c5 {[%emt 0:03:06]} 14. Ba3 $146 {[%emt 0:05:23]} ({Predecessor:} 14. Qe2 Nc6 {1-0 (37) Thorsteins,K (2440)-Agustsson,J (2285) Hafnarfjordur 1988}) 14... Qc7 {[%emt 0:02:40]} 15. f4 {[%emt 0:18:07]} f6 {[%emt 0:07:22]} 16. Qe3 {[%emt 0:18:37]} Nd7 {[%emt 0:10:05]} 17. Qh3 {[%emt 0:10:46]} fxe5 {[%emt 0:19:43]} 18. fxe5 {[%emt 0:01:09]} Bc8 {[%emt 0:01:58]} 19. Qe6+ $18 {[%emt 0:02:04]} Kh8 {[%emt 0:02:16]} 20. Qg6 {[%emt 0:00:34]} 1-0

[Event "Sabadell Open 2018"]
[Site "Sabadell"]
[Date "2018.09.01"]
[Round "1"]
[White "Farre Liarte, Francesc"]
[Black "Martinez Molina, Jose Juan"]
[Result "1-0"]
[WhiteElo "1638"]
[BlackElo "1723"]
[Annotator "NA RC"]
[PlyCount "45"]
[EventDate "2018.09.01"]
[EventType "swiss"]
[EventCountry "ESP"]
[SourceTitle "playchess.com"]
[Source "ChessBase"]
[SourceQuality "1"]
[TimeControl "5400+30"]

1. e4 {[%emt 0:00:00]} e5 {[%emt 0:00:00]} 2. Nf3 {[%emt 0:00:05]} f6 {[%emt 0:00:44]} 3. Nxe5 {[%emt 0:05:00]} Ne7 {[%emt 0:03:21]} 4. Nf3 {[%emt 0:00:51]} d6 {[%emt 0:01:33]} 5. d4 {[%emt 0:01:57]} Ng6 {[%emt 0:02:17]} 6. Bc4 Be6 {[%emt 0:03:33]} 7. Bxe6 {[%emt 0:01:17]} Qe7 {[%emt 0:02:57]} 8. Bf5 {[%emt 0:00:29]} Nc6 {[%emt 0:01:59]} 9. O-O {[%emt 0:02:31]} Rd8 {[%emt 0:10:04]} 10. Nc3 {[%emt 0:01:41]} Qf7 {[%emt 0:05:54]} 11. d5 {[%emt 0:03:53]} Nce5 {[%emt 0:01:02]} 12. Be6 {[%emt 0:00:17]} Qe7 {[%emt 0:01:27]} 13. Nd4 {[%emt 0:01:10]} Nh4 {[%emt 0:04:42]} 14. Qh5+ {[%emt 0:03:17]} g6 {[%emt 0:08:25]} 15. Qxh4 {[%emt 0:01:28]} c5 16. Ndb5 {[%emt 0:04:12]} a6 {[%emt 0:17:46]} 17. Na3 h5 {[%emt 0:04:07]} 18. f4 {[%emt 0:00:23]} g5 {[%emt 0:01:46]} 19. fxg5 {[%emt 0:02:38]} fxg5 {[%emt 0:01:20]} 20. Bxg5 {[%emt 0:00:32]} Ng6 {[%emt 0:03:25]} 21. Rxf8+ {[%emt 0:02:31]} Rxf8 {[%emt 0:02:22]} 22. Bxe7 {[%emt 0:01:03]} Nxh4 {[%emt 0:00:37]} 23. Bxh4 1-0

[Event "Sabadell Open 2018"]
[Site "Sabadell"]
[Date "2018.09.02"]
[Round "2"]
[White "Cruz, Cristhian"]
[Black "Hernandez, Cristian Andres"]
[Result "1/2-1/2"]
[WhiteElo "2571"]
[BlackElo "2333"]
[Annotator "TA"]
[PlyCount "137"]
[EventDate "2018.09.01"]
[EventType "swiss"]
[EventCountry "ESP"]
[SourceTitle "playchess.com"]
[Source "ChessBase"]
[SourceQuality "1"]

{[%evp 20,137,36,24,38,23,22,15,15,0,6,0,0,0,0,0,0,0,0,0,0,-20,0,0,41,23,132,18,45,0,0,3,0,0,8,0,0,0,0,0,0,0,0,0,0,0,0,0,0,0,1,0,0,0,0,0,0,0,18,0,0,0,0,0,0,0,0,0,0,0,0,0,0,0,2,0,0,0,0,0,0,0,0,0,0,0,0,0,0,0,11,8,321,0,0,0,0,0,0,0,0,0,0,0,0,0,0,0,0,0,0,0,0,0,0,0,0,0,0,0]} 1. d4 Nf6 2. c4 e6 3. Nf3 b6 4. g3 Ba6 5. b3 Bb4+ 6. Bd2 Be7 7. Nc3 c6 8. e4 {[%cal Be2e4,Be4e5][%mdl 32]} d5 9. e5 Ne4 10. Bd3 Nxd2 {E15: Damenindisch (Hauptfortsetzung, Abweichungen)} 11. Qxd2 {LiveBook: 8 Partien} Bb7 12. O-O O-O {Weiß hat minimalen Vorteil.} 13. cxd5 cxd5 14. Ne2 Ba6 15. Rac1 Bxd3 16. Qxd3 Qd7 {[#]} 17. Rc3 $146 {[%mdl 2048] Weiss hat Initiative.} ({Vorgänger:} 17. Nf4 Nc6 18. h4 {½-½ (50) Ovetchkin,R (2526)-Khismatullin,D (2636) St Petersburg 2012}) 17... a5 18. a4 Na6 19. Qb5 Qb7 20. Nf4 Rfb8 21. Rfc1 Kf8 22. h4 Bd8 {[#]} (22... h6 $11) 23. Kg2 (23. Ng5 $1 $16 Bxg5 24. hxg5) 23... Rc8 $11 24. Ng5 Bxg5 $1 25. hxg5 Rxc3 26. Rxc3 Nb4 27. Nd3 Nxd3 28. Qxd3 Rc8 $1 29. Rxc8+ Qxc8 30. Qxh7 {[%mdl 4096] Endspiel Beabsichtigt Dh8+ und Matt. KD-KD} Qc3 31. Qh8+ Ke7 32. Qxg7 {Weiss droht g6 und Matt.} Qxd4 33. Qf6+ Ke8 34. Qf4 Qd3 35. Qe3 Qc2 36. Qxb6 Qe4+ 37. Kg1 d4 38. Qb8+ Ke7 39. Qd6+ Ke8 40. g6 Qxg6 41. Qxd4 Qb1+ 42. Kg2 Qxb3 43. Qe4 Qb4 44. Kf3 Qd2 45. Qf4 Qd1+ 46. Kg2 Kf8 47. f3 Qc2+ 48. Kh3 Qh7+ 49. Kg4 Qg6+ 50. Qg5 {zielt auf Dxg6 ab.} Qd3 51. Qh6+ Ke8 52. Qh8+ Kd7 53. Qf6 Ke8 54. Kg5 Qc2 55. Qh8+ Kd7 $2 {[%mdl 8192] [#]} (55... Ke7 $1 $11) 56. f4 $2 (56. Qh5 $1 $18) 56... Qf5+ {Die Stellung ist ausgeglichen.} 57. Kh4 {Dh5 ist eine echte Drohung.} Qc2 58. Qf6 Ke8 59. Kg5 Qxa4 60. Qh8+ Ke7 61. Qb8 {Schwarz muss nun Dd6+ beachten.} Qe4 62. Qd6+ Ke8 63. g4 a4 64. Qb8+ Ke7 65. Qd6+ Ke8 66. f5 Qe3+ 67. Kh5 {Und Db8+ würde nun gewinnen.} Qh3+ 68. Kg5 {Droht stark Db8+.} Qe3+ 69. Kh5 {Precision: Weiß = 45%, Schwarz = 70%.} 1/2-1/2